|
|
|
|
| LEADER |
01137pam a22002898a 4500 |
| 001 |
00040347 |
| 005 |
20171123141130.0 |
| 008 |
110330s1995 ||||||Viesd |
| 020 |
# |
# |
|a 978 604 57 1515 4
|c 59000
|
| 041 |
0 |
# |
|a Vie
|
| 082 |
1 |
4 |
|a 959.704 3
|b Đ103TH
|
| 100 |
0 |
# |
|e Chủ biên
|a Hoàng, Phong Hà
|
| 245 |
0 |
0 |
|c Hoàng Phong Hà(Chủ biên); Nguyễn Đức Tài; Bùi Thị Hồng Thúy
|a Đại thắng mùa xuân 1975
|b Sự kiện - Hỏi và đáp
|
| 250 |
# |
# |
|a Xuất bản lần thứ 1
|
| 260 |
# |
# |
|a Hà Nội
|b Chính trị Quốc gia - Sự Thật
|c 2015
|
| 300 |
# |
# |
|a 200 tr.
|c 21 cm.
|e Thư mục: tr. 197 -199
|
| 653 |
# |
# |
|a Chính trị
|
| 653 |
# |
# |
|a việt nam
|
| 653 |
# |
# |
|a Tổng tiến công 1975
|
| 653 |
# |
# |
|a Sự kiện lịch sử
|
| 653 |
# |
# |
|a Kháng chiến chống mỹ
|
| 653 |
# |
# |
|a Sách hỏi đáp
|
| 700 |
1 |
# |
|a Bùi, Thị Hồng Thúy
|
| 700 |
1 |
# |
|a Nguyễn, Đức Tài
|
| 852 |
# |
# |
|j KM.0023873
|j KD.0022743
|
| 910 |
|
|
|d 23/11/2017
|
| 980 |
# |
# |
|a Trung tâm Học liệu Lê Vũ Hùng, Trường Đại học Đồng Tháp
|